000 00585nam a22001697a 4500
003 OSt
005 20171010095517.0
008 120815t xxu||||| |||| 00| 0 eng d
040 _aMMSU
_cULS
100 _aPasion, Zenaida L.
_912174
245 _aEffect of feedback-based technique on students' problem solving achievements in physics
_cZenaida L. Pasion
260 _c2001
300 _axii, 96 leaves
_c28 cm.
500 _aThesis (MA Education-Physics) -- Mariano Marcos State University-Graduate School, Laoag City
504 _aBibliography: leaves 61-62
942 _2ddc
_cTHEDIS
999 _c9743
_d9743